<?xml version="1.0" encoding="UTF-8"?>
<record
    xmlns:xsi="http://www.w3.org/2001/XMLSchema-instance"
    xsi:schemaLocation="http://www.loc.gov/MARC21/slim http://www.loc.gov/standards/marcxml/schema/MARC21slim.xsd"
    xmlns="http://www.loc.gov/MARC21/slim">

  <leader>00350nam a2200145Ia 4500</leader>
  <controlfield tag="008">150301s2015    xx            000 0 und d</controlfield>
  <datafield tag="082" ind1=" " ind2=" ">
    <subfield code="a">615.19</subfield>
    <subfield code="b">O12Q</subfield>
  </datafield>
  <datafield tag="100" ind1=" " ind2=" ">
    <subfield code="a">QADRY, J.S</subfield>
  </datafield>
  <datafield tag="245" ind1=" " ind2=" ">
    <subfield code="a">ORGANIC PHARMACEUTICAL &amp; MEDICAL CHEMISTRY -|||</subfield>
  </datafield>
  <datafield tag="250" ind1=" " ind2=" ">
    <subfield code="a">4TH</subfield>
  </datafield>
  <datafield tag="260" ind1=" " ind2=" ">
    <subfield code="b">CBS- DELHI</subfield>
  </datafield>
  <datafield tag="300" ind1=" " ind2=" ">
    <subfield code="a">354</subfield>
  </datafield>
  <datafield tag="650" ind1=" " ind2=" ">
    <subfield code="a">PHARMACEUTICS</subfield>
  </datafield>
  <datafield tag="942" ind1=" " ind2=" ">
    <subfield code="2">ddc</subfield>
    <subfield code="c">BK</subfield>
    <subfield code="0">2</subfield>
  </datafield>
  <datafield tag="952" ind1=" " ind2=" ">
    <subfield code="0">0</subfield>
    <subfield code="1">0</subfield>
    <subfield code="2">ddc</subfield>
    <subfield code="4">0</subfield>
    <subfield code="7">0</subfield>
    <subfield code="8">FP</subfield>
    <subfield code="a">APL</subfield>
    <subfield code="b">APL</subfield>
    <subfield code="d">2015-07-02</subfield>
    <subfield code="e">ABC-DELHI</subfield>
    <subfield code="g">450.00</subfield>
    <subfield code="i">SGTU</subfield>
    <subfield code="l">5</subfield>
    <subfield code="o">615.19 O12Q</subfield>
    <subfield code="p">FP1235</subfield>
    <subfield code="r">2022-06-18 00:00:00</subfield>
    <subfield code="s">2022-06-11</subfield>
    <subfield code="w">2015-04-04</subfield>
    <subfield code="y">BK</subfield>
    <subfield code="k">5588</subfield>
  </datafield>
  <datafield tag="952" ind1=" " ind2=" ">
    <subfield code="0">0</subfield>
    <subfield code="1">0</subfield>
    <subfield code="2">ddc</subfield>
    <subfield code="4">0</subfield>
    <subfield code="7">0</subfield>
    <subfield code="8">FP</subfield>
    <subfield code="a">APL</subfield>
    <subfield code="b">APL</subfield>
    <subfield code="d">2015-07-02</subfield>
    <subfield code="e">ABC-DELHI</subfield>
    <subfield code="g">450.00</subfield>
    <subfield code="i">SGTU</subfield>
    <subfield code="l">1</subfield>
    <subfield code="o">615.19 O12Q</subfield>
    <subfield code="p">FP1236</subfield>
    <subfield code="r">2018-10-01 00:00:00</subfield>
    <subfield code="s">2018-09-28</subfield>
    <subfield code="w">2015-04-04</subfield>
    <subfield code="y">BK</subfield>
    <subfield code="k">5588</subfield>
  </datafield>
  <datafield tag="952" ind1=" " ind2=" ">
    <subfield code="0">0</subfield>
    <subfield code="1">0</subfield>
    <subfield code="2">ddc</subfield>
    <subfield code="4">0</subfield>
    <subfield code="7">0</subfield>
    <subfield code="8">FP</subfield>
    <subfield code="a">APL</subfield>
    <subfield code="b">APL</subfield>
    <subfield code="d">2015-07-02</subfield>
    <subfield code="e">ABC-DELHI</subfield>
    <subfield code="g">450.00</subfield>
    <subfield code="i">SGTU</subfield>
    <subfield code="l">1</subfield>
    <subfield code="o">615.19 O12Q</subfield>
    <subfield code="p">FP1237</subfield>
    <subfield code="r">2019-04-22 00:00:00</subfield>
    <subfield code="s">2019-04-22</subfield>
    <subfield code="w">2015-04-04</subfield>
    <subfield code="y">BK</subfield>
    <subfield code="k">5588</subfield>
  </datafield>
  <datafield tag="952" ind1=" " ind2=" ">
    <subfield code="0">0</subfield>
    <subfield code="1">0</subfield>
    <subfield code="2">ddc</subfield>
    <subfield code="4">0</subfield>
    <subfield code="7">0</subfield>
    <subfield code="8">FP</subfield>
    <subfield code="a">APL</subfield>
    <subfield code="b">APL</subfield>
    <subfield code="d">2015-07-02</subfield>
    <subfield code="e">ABC-DELHI</subfield>
    <subfield code="g">450.00</subfield>
    <subfield code="i">SGTU</subfield>
    <subfield code="l">0</subfield>
    <subfield code="o">615.19 O12Q</subfield>
    <subfield code="p">FP1238</subfield>
    <subfield code="r">2015-07-02 00:00:00</subfield>
    <subfield code="w">2015-04-04</subfield>
    <subfield code="y">BK</subfield>
    <subfield code="k">5588</subfield>
  </datafield>
  <datafield tag="952" ind1=" " ind2=" ">
    <subfield code="0">0</subfield>
    <subfield code="1">0</subfield>
    <subfield code="2">ddc</subfield>
    <subfield code="4">0</subfield>
    <subfield code="7">0</subfield>
    <subfield code="8">FP</subfield>
    <subfield code="a">APL</subfield>
    <subfield code="b">APL</subfield>
    <subfield code="d">2015-07-02</subfield>
    <subfield code="e">ABC-DELHI</subfield>
    <subfield code="g">450.00</subfield>
    <subfield code="i">SGTU</subfield>
    <subfield code="l">2</subfield>
    <subfield code="o">615.19 O12Q</subfield>
    <subfield code="p">FP1239</subfield>
    <subfield code="r">2017-06-05 00:00:00</subfield>
    <subfield code="s">2017-06-05</subfield>
    <subfield code="w">2015-04-04</subfield>
    <subfield code="y">BK</subfield>
    <subfield code="k">5588</subfield>
  </datafield>
  <datafield tag="952" ind1=" " ind2=" ">
    <subfield code="0">0</subfield>
    <subfield code="1">0</subfield>
    <subfield code="2">ddc</subfield>
    <subfield code="4">0</subfield>
    <subfield code="7">0</subfield>
    <subfield code="8">FP</subfield>
    <subfield code="a">APL</subfield>
    <subfield code="b">APL</subfield>
    <subfield code="d">2015-07-02</subfield>
    <subfield code="e">ABC-DELHI</subfield>
    <subfield code="g">450.00</subfield>
    <subfield code="i">SGTU</subfield>
    <subfield code="l">0</subfield>
    <subfield code="o">615.19 O12Q</subfield>
    <subfield code="p">FP1240</subfield>
    <subfield code="r">2015-07-02 00:00:00</subfield>
    <subfield code="w">2015-04-04</subfield>
    <subfield code="y">BK</subfield>
    <subfield code="k">5588</subfield>
  </datafield>
  <datafield tag="999" ind1=" " ind2=" ">
    <subfield code="c">7298</subfield>
    <subfield code="d">7298</subfield>
  </datafield>
</record>
